000 00328 a2200109 4500
001 ART_15810
005 20260410161736.0
008 260409a
245 1 0 _aLa capitalización de la deuda externa
100 1 _aFrediani, Ramón O.
773 0 _tEjecutivos de finanzas
_g- Año 7, Nº 59 (sep. 1989)
_wREV2863
999 _c18274
_d18274